Kings of Joseon - Statistics

General Stats
  • This quiz has been taken 47 times
  • The average score is 18 of 27
Answer Stats
Answer % Correct
Sejo/세조
88%
Sejong/세종
88%
Jeongjo/정조
81%
Taejo/태조
78%
Gojong/고종
72%
Taejong/태종
72%
Gwanghaegun/광해군
69%
Injo/인조
69%
Sunjo/순조
69%
Yeongjo/영조
69%
Jeongjong/정종
66%
Seonjo/선조
66%
Sukjong/숙종
66%
Cheoljong/철종
63%
Danjong/단종
63%
Hyojong/효종
63%
Injong/인종
63%
Jungjong/중종
63%
Yeonsangun/연산군
63%
Munjong/문종
59%
Sunjong/순종
59%
Gyeongjong/경종
56%
Yejong/예종
56%
Hyeonjong/현종
53%
Heonjong/헌종
50%
Myeongjong/명종
50%
Seongjong/성종
47%
No matching quizzes found
Score Distribution
Percent of People with Each Score
Percentile by Number Answered
Your Score History
You have not taken this quiz